NHL 2022-23 players with most goals - Statistics

General Stats
  • This quiz has been taken 103 times
  • The average score is 8 of 15
Answer Stats
Hint Answer % Correct
64 Connor McDavid
97%
40 Auston Matthews
91%
61 David Pastrnak
84%
42 Alexander Ovechkin
81%
46 Jason Robertson
68%
42 Nathan MacKinnon
61%
43 Jack Hughes
56%
55 Mikko Rantanen
53%
51 Brayden Point
51%
47 Tage Thompson
44%
40 Kirill Kaprizov
39%
52 Leon Draisatl
25%
42 Mark Scheifele
17%
41 Adrian Kempe
10%
42 Carter Verhaeghe
10%
No matching quizzes found
Score Distribution
Percent of People with Each Score
Percentile by Number Answered
Your Score History
You have not taken this quiz